A treatise on electricity and magnetism vol 2 (Record no. 17557)
[ view plain ]
| 000 -LEADER | |
|---|---|
| fixed length control field | 00368nam a22001457a 4500 |
| 003 - CONTROL NUMBER IDENTIFIER | |
| control field | OSt |
| 008 - FIXED-LENGTH DATA ELEMENTS--GENERAL INFORMATION | |
| fixed length control field | 220924b |||||||| |||| 00| 0 eng d |
| 082 ## - DEWEY DECIMAL CLASSIFICATION NUMBER | |
| Classification number | 537 |
| Item number | MAX/TR |
| 100 ## - MAIN ENTRY--AUTHOR NAME | |
| Personal name | Maxwell, james clerk |
| 245 ## - TITLE STATEMENT | |
| Title | A treatise on electricity and magnetism vol 2 |
| 250 ## - EDITION STATEMENT | |
| Edition statement | 3rd |
| 260 ## - PUBLICATION, DISTRIBUTION, ETC. (IMPRINT) | |
| Place of publication | New york |
| Name of publisher | Dover publications |
| Year of publication | 1891 |
| 300 ## - PHYSICAL DESCRIPTION | |
| Number of Pages | 500 |
| 942 ## - ADDED ENTRY ELEMENTS (KOHA) | |
| Koha item type | Books |
| Withdrawn status | Lost status | Damaged status | Home library | Current library | Date acquired | Full call number | Accession Number | Koha item type |
|---|---|---|---|---|---|---|---|---|
| KAUAET | KAUAET | 24/09/2022 | 537 MAX/TR | 11961 | Books |
